000 00642nam a22002057a 4500
999 _c9932
_d9932
003 AR-CdUCM
008 190328b ||||| |||| 00| 0 spa d
040 _aMUNICIPALIDAD PROVINCIAL DEL CUSCO
_cBIBLIOTECA MUNICIPAL DEL CUSCO
082 _a869.40 /
_bM79
100 _aMora Moreno, Eduardo
_926484
245 _aHumo en las Eras /
260 _aLoja :
_b"Surco" ,
_c1939.
300 _a73 páginas ;
_c19.2 cm.
500 _aContiene dedicatoria a Luis Nieto.
650 _aLiteratura Peruana
_9132
650 _aLiteratura Latinoamericana
_9799
650 _aLiteratura Narrativa
_9197
942 _2ddc
_cLIBROS
945 _apjha
_d2019-05-14